Desembrinibis cayennensis (<aves: Threskiornithidae>) en Puerto Leguízamo, Putumayo, Colombia (Registro nro. 14996)

Detalles MARC
000 -CABECERA
Campo de control 003860000a22001210004500
090 ## - CLASIFICACIÓN LOCAL
Colección AS
Consecutivo Seriadas
041 0# - IDIOMA
Código de idioma para texto/pista de sonido o título separado
100 1# - ASIENTO PRINCIPAL--NOMBRE PERSONAL
Nombre personal Barreto, Mauricio
245 10 - MENCION DE TITULO
Título Desembrinibis cayennensis (<aves: Threskiornithidae>) en Puerto Leguízamo, Putumayo, Colombia
700 1# - ASIENTO SECUNDARIO - NOMBRE PERSONAL
Nombre personal Burbano, María Elena
773 1# - Item fuente:
Título Cespedesia
Especificación de materiales 124
Descripción física 68
Paginas del Articulo 175-178
Lugar, editorial y fecha de publicación 1996
Información sobre la relación 21
942 ## - ELEMENTOS ADICIONALES (KOHA)
Tipo de ítem Artículo

No hay ítems disponibles.